000 00855nam a22002057a 4500
003 BPGM
008 260612e1998 mx cao|g |||| 001 0 spa d
040 _bspa
041 _aspa
_hspa
082 0 4 _aCQ /000/
_b007
245 _aHERALDO DE NAVIDAD 1998
260 _aMÉXICO
_b PATRONATO DE LAS FIESTAS DEL ESTADO DE QUERÉTARO
_c1998
300 _a391 páginas
_b21.4 cm x 27.5 cm
336 _2rdacontent
_atexto
_btxt
337 _2rdamedia
_asin mediación
_bn
338 _2rdacarrier
_avolumen
_bnc
505 _aes una edición especial de la revista cultural queretana que recopila ensayos, relatos, poemas y crónicas sobre la historia, tradiciones y vida social del estado de Querétaro. Su propósito fue preservar la identidad cultural y ofrecer un panorama literario y artístico de la época.
650 _2GENERALIDADES
942 _2ddc
_cCOLQ
999 _c68603
_d68603